Pozycja Corporate Name
Liczba rekordów, w których użyto hasła: 1
001 - Numer kontrolny
- control field: 39305
003 - Identyfikator numeru kontrolnego
- control field: NUKAT
005 - Data i czas ostatniej modyfikacji
- control field: 20260331113030.0
008 - Dane kontrolne kodowane (40 znaków)
- fixed length control field: 050120n||azznnbabn |a ana |
010 ## - Numer kontrolny Biblioteki Kongresu
- numer kontrolny LC: p 2004423305
024 7# - OTHER STANDARD IDENTIFIER
- Standard number or code: 262085272
- Source of number or code: viaf
035 ## - Numer systemowy
- numer systemowy: a12144654
035 ## - Numer systemowy
- numer systemowy: (PL)a0000001214465
040 ## - Instytucja sporządzająca rekord
- inst. przygot. dane do rek. khw: WA N
- język haseł przedmiotowych/tezaurus: DBN
- inst. wprow. rek. khw: WA N
043 ## - Kod obszaru geograficznego
- ISO code: PL
046 ## - Special dates
- Establishment date: 1946
110 2# - Hasło - nazwa ciała zbiorowego
- nazwa ciała zbior. lub geogr. na pocz.: Stowarzyszenie Inżynierów i Techników Wodnych i Melioracyjnych
370 ## - Associated place
- Country: Polska
377 ## - Assoc lang
- Lang code: pol
410 2# - Trop zob. - nazwa ciała zbiorowego
- nazwa ciała zbior. lub geogr. na pocz.: Society of Engineers and Technicians of Hydrotechnics and Land Reclamation in Poland
410 2# - Trop zob. - nazwa ciała zbiorowego
- nazwa ciała zbior. lub geogr. na pocz.: Stowarzyszenie Naukowo-Techniczne Inżynierów i Techników Wodno-Melioracyjnych
510 2# - Trop zob. też - nazwa ciała zbiorowego
- podpole kontrolne: h
- nazwa ciała zbior. lub geogr. na pocz.: Komisja Normalizacji i Wynalazczości (Stowarzyszenie Inżynierów i Techników Wodnych i Melioracyjnych)
510 2# - Trop zob. też - nazwa ciała zbiorowego
- podpole kontrolne: h
- nazwa ciała zbior. lub geogr. na pocz.: Oddział w Gdańsku (Stowarzyszenie Inżynierów i Techników Wodnych i Melioracyjnych)
510 2# - Trop zob. też - nazwa ciała zbiorowego
- podpole kontrolne: h
- nazwa ciała zbior. lub geogr. na pocz.: Oddział w Elblągu (Stowarzyszenie Inżynierów i Techników Wodnych i Melioracyjnych)
510 2# - Trop zob. też - nazwa ciała zbiorowego
- podpole kontrolne: h
- nazwa ciała zbior. lub geogr. na pocz.: Oddział w Poznaniu (Stowarzyszenie Inżynierów i Techników Wodnych i Melioracyjnych)
510 2# - Trop zob. też - nazwa ciała zbiorowego
- podpole kontrolne: h
- nazwa ciała zbior. lub geogr. na pocz.: Oddział w Szczecinie (Stowarzyszenie Inżynierów i Techników Wodnych i Melioracyjnych)
510 2# - Trop zob. też - nazwa ciała zbiorowego
- podpole kontrolne: h
- nazwa ciała zbior. lub geogr. na pocz.: Oddział Warszawa (Stowarzyszenie Inżynierów i Techników Wodnych i Melioracyjnych)
510 2# - Trop zob. też - nazwa ciała zbiorowego
- podpole kontrolne: h
- nazwa ciała zbior. lub geogr. na pocz.: Sekcja Główna Zaopatrzenia Rolnictwa w Wodę (Stowarzyszenie Inżynierów i Techników Wodnych i Melioracyjnych)
510 2# - Trop zob. też - nazwa ciała zbiorowego
- podpole kontrolne: h
- nazwa ciała zbior. lub geogr. na pocz.: Zarząd Główny Stowarzyszenia Inżynierów i Techników Wodnych i Melioracyjnych
665 ## - Nota historyczna
- nota historyczna: W 1946 zostało powałane Stowarzyszenie Naukowo-Techniczne Inżynierów i Techników Wodno-Melioracyjnych. Kontynuowało ono działalność przedwojennego Stowarzyszenia Inżynierów Wodnych. Od 1960 zmiana nazwy na: Stowarzyszenie Inżynierów i Techników Wodnych i Melioracyjnych.
670 ## - Źródło informacji
- źródło informacji: Informacje Naukowe i Techniczne. - Warszawa, 1 (1997).
670 ## - Źródło informacji
- źródło informacji: INP